Online Catalogue and eLibrary

Poverty and survival (Record no. 2615)

MARC details
000 -LEADER
fixed length control field 00542nam a2200181Ia 4500
005 - DATE AND TIME OF LATEST TRANSACTION
control field 20240425010512.0
008 - FIXED-LENGTH DATA ELEMENTS--GENERAL INFORMATION
fixed length control field 240331s9999 xx 000 0 und d
020 ## - INTERNATIONAL STANDARD BOOK NUMBER
ISBN 818505455X
082 ## - DDC Classification
Item Number - Author Mark SAN
Class No. 331.4
100 ## - MAIN ENTRY--PERSONAL NAME
Personal name Sandbergen, Schenk- Loes
245 #0 - TITLE STATEMENT
Title Poverty and survival
Remainder of title Kudumbi Female Domestic servants and their households in Alleppey (Kerala)
Statement of responsibility, etc. Loes Schenk - Sandbergen
250 ## - EDITION STATEMENT
Edition statement 1 st
260 ## - PUBLICATION, DISTRIBUTION, ETC.
Place of publication, distribution, etc. New Delhi
Name of publisher, distributor, etc. Manohar Publications
Date of publication, distribution, etc. 1988
300 ## - PHYSICAL DESCRIPTION
Extent (e.g. Volumes, Pages etc.) xii,108 p .,
650 ## - SUBJECT ADDED ENTRY--TOPICAL TERM
Topical term or geographic name entry element Political
650 ## - SUBJECT ADDED ENTRY--TOPICAL TERM
Topical term or geographic name entry element Social
942 ## - Koha item type (Biblio)
Koha item type Books in Stacks (Lending)
Holdings
Lost status Damaged status Collection code Home library Current library Shelving location Date acquired Full call number Accession Number Item type
    Lending WERC Library WERC Library Social Science Cupboard 03/31/2024 331.4 SAN 995 Books in Stacks (Lending)

© WERC Library